| 000 | 00515nam a22001817a 4500 | ||
|---|---|---|---|
| 003 | CEME | ||
| 005 | 20210628205649.0 | ||
| 008 | 210309b xxu||||| |||| 00| 0 eng d | ||
| 020 | _a0-256-14852-X | ||
| 040 | _c. | ||
| 082 | _a658.3 NOE | ||
| 100 |
_aNoe, Raymond.A Hollenbeck, John.Rgerhart, Barry _976522 |
||
| 245 | _aReadings in human resource management | ||
| 260 |
_aUSA _bRICHARD D. IRWIN _c1994 |
||
| 300 | _a690P | ||
| 650 |
_aPERSONNEL MANAGEMENT MANAGEMENT-HUMAN RESOURCES _976523 |
||
| 942 |
_cBK _2ddc |
||
| 999 |
_c581906 _d581906 |
||